00593nam a2200169 a 450000100100000000500170001000800410002704000250006808200170009310000240011024500640013426000340019830000440023204900090027695201210028599900170040600002538820200930023743.0110215s1972 kn acd r 000 0 spa d aDO-SdBNPbspacBNPHU axxxxxbP235K1 aKil Joun-Sik95197610aPark Chung Hee president of all the people /cKil Joun-Sik. aKorea :bKil Joun Sik,c1972. a171 p. :bil, retrs., diagrs. ;c21 cm. aBNGR 001054708MOaGRbGRcCTd2011-02-15iLF1l0oxxxxx P235Kp25388-10r2020-06-25w2020-06-25y4ZPréstamo en sala c24880d24880